[Event "2FoglarVeterans_GM_B"]
[Site "?"]
[Date "2006.??.??"]
[Round "?"]
[White "Berggreen, Anders (DEN)"]
[Black "Lounek, Jan (CZE)"]
[Result "1/2-1/2"]
[WhiteElo "2414"]
[BlackElo "2517"]
[PlyCount "67"]
[EventDate "2006.??.??"]
[EventType "corr"]
[SourceDate "2006.05.16"]

1. d4 Nf6 2. Nf3 e6 3. c4 b6 4. g3 Ba6 5. b3 Bb4+ 6. Bd2 Be7 7. Bg2 d5 8. cxd5
exd5 9. Nc3 O-O 10. O-O Re8 11. Re1 Bb7 12. Qc2 Nbd7 13. Bf4 a6 14. Ne5 c5 15.
Nxd7 Qxd7 16. Na4 Qb5 17. dxc5 bxc5 18. Rac1 Rad8 19. Bg5 h6 20. Bxf6 Bxf6 21.
Nxc5 Rc8 22. a4 Qb6 23. Nd7 Rxc2 24. Nxb6 Rexe2 25. Bxd5 Rxc1 26. Rxc1 Bxd5 27.
Nxd5 Bd4 28. b4 Rxf2 29. Kh1 Kh7 30. Rb1 Rf5 31. Ne7 Rf6 32. b5 axb5 33. axb5
Bb6 34. Nd5 1/2-1/2

[Event "2FoglarVeterans_GM_B"]
[Site "?"]
[Date "2006.??.??"]
[Round "?"]
[White "Janosi, Ervin (HUN)"]
[Black "Salov, Sergey A. (RUS)"]
[Result "1/2-1/2"]
[WhiteElo "2350"]
[BlackElo "2383"]
[PlyCount "67"]
[EventDate "2006.??.??"]
[EventType "corr"]
[SourceDate "2006.05.16"]

1. d4 Nf6 2. Nf3 e6 3. c4 Bb4+ 4. Nbd2 b6 5. a3 Bxd2+ 6. Qxd2 Bb7 7. e3 O-O 8.
Be2 d6 9. O-O Nbd7 10. b4 Ne4 11. Qc2 f5 12. d5 e5 13. Nd2 Nxd2 14. Bxd2 c6 15.
e4 fxe4 16. dxc6 Bxc6 17. Rad1 Qe7 18. Qb3 Kh8 19. Be3 Rfd8 20. Rfe1 Nf6 21.
Bg5 Qe6 22. b5 Bb7 23. a4 d5 24. cxd5 Bxd5 25. Qg3 h6 26. Be3 Bc4 27. Bxc4 Rxd1
28. Rxd1 Qxc4 29. Qxe5 Qxa4 30. Rd6 Qb4 31. h3 Re8 32. Qf4 Qb1+ 33. Kh2 Qxb5
34. Rxf6 1/2-1/2

[Event "2FoglarVeterans_GM_B"]
[Site "?"]
[Date "2006.??.??"]
[Round "?"]
[White "Lounek, Jan (CZE)"]
[Black "Roos, Jacqueline (FRA)"]
[Result "1/2-1/2"]
[WhiteElo "2517"]
[BlackElo "2406"]
[PlyCount "82"]
[EventDate "2006.??.??"]
[EventType "corr"]
[SourceDate "2006.05.16"]

1. e4 e5 2. Nf3 Nc6 3. Bb5 a6 4. Ba4 Nf6 5. O-O Be7 6. Re1 b5 7. Bb3 d6 8. c3
O-O 9. h3 Bb7 10. d4 Re8 11. Nbd2 Bf8 12. d5 Nb8 13. Nf1 h6 14. Ng3 c6 15. dxc6
Bxc6 16. Nh2 Nbd7 17. Ng4 Nxg4 18. Qxg4 Nf6 19. Qf5 Qd7 20. Qxd7 Nxd7 21. Be3
Nf6 22. f3 d5 23. Rad1 Rad8 24. Bb6 Rd7 25. exd5 Nxd5 26. Ba5 g6 27. Rd2 Nf6
28. Rxd7 Nxd7 29. Ne4 Rc8 30. Kf1 Kg7 31. Rd1 Nc5 32. Nxc5 Bxc5 33. a3 Kf8 34.
Bd8 e4 35. fxe4 Bxe4 36. Bf6 Bc6 37. g4 Be7 38. Bd4 Rd8 39. Re1 Bh4 40. Re2 Rd7
41. Re3 Rd8 1/2-1/2

[Event "2FoglarVeterans_GM_B"]
[Site "?"]
[Date "2006.??.??"]
[Round "?"]
[White "Dedina, Miroslav (CZE)"]
[Black "Krol, Wladyslaw (POL)"]
[Result "1/2-1/2"]
[WhiteElo "2414"]
[BlackElo "2410"]
[PlyCount "44"]
[EventDate "2006.??.??"]
[EventType "corr"]
[SourceDate "2006.05.16"]

1. c4 e6 2. Nc3 d5 3. d4 Nf6 4. cxd5 exd5 5. Bg5 c6 6. e3 Bf5 7. Qb3 b6 8. Nf3
Bd6 9. Ne5 O-O 10. Be2 Qe7 11. f4 Bb4 12. O-O Bxc3 13. Qxc3 Qe6 14. Bxf6 gxf6
15. Nf3 Kh8 16. Nh4 Be4 17. Qa3 Re8 18. f5 Qd7 19. Rf4 a5 20. Rg4 Ra7 21. Rc1
Qd8 22. Rf4 Rae7 1/2-1/2

[Event "2FoglarVeterans_GM_B"]
[Site "?"]
[Date "2006.??.??"]
[Round "?"]
[White "Horvath, Alexander (SVK)"]
[Black "Lounek, Jan (CZE)"]
[Result "1-0"]
[WhiteElo "2413"]
[BlackElo "2517"]
[PlyCount "85"]
[EventDate "2006.??.??"]
[EventType "corr"]
[SourceDate "2006.05.16"]

1. e4 c5 2. Nf3 d6 3. d4 cxd4 4. Nxd4 Nf6 5. Nc3 a6 6. Bg5 e6 7. f4 Qb6 8. Nb3
Be7 9. Qf3 Nbd7 10. Bd3 Qc7 11. O-O-O b5 12. a3 Rb8 13. Rhe1 b4 14. axb4 Rxb4
15. Kb1 Bb7 16. Qh3 Nc5 17. Nxc5 dxc5 18. e5 Nd5 19. Nxd5 Bxd5 20. c3 Rb8 21.
c4 Bc6 22. Bxe7 Qxe7 23. f5 exf5 24. e6 Qf6 25. Rd2 g6 26. e7 Qd4 27. Ree2 Bd7
28. Qg3 f4 29. Qf3 Be6 30. Rxe6 fxe6 31. Bxg6+ hxg6 32. Rxd4 cxd4 33. Qxf4 Kxe7
34. Qxd4 Rhg8 35. c5 Rbd8 36. Qb4 Rb8 37. Qa3 Rgd8 38. Qxa6 Rb4 39. Kc2 Rdb8
40. Qa3 e5 41. Kc3 Rxb2 42. Qxb2 Rxb2 43. Kxb2 1-0

[Event "2FoglarVeterans_GM_B"]
[Site "?"]
[Date "2006.??.??"]
[Round "?"]
[White "Kostal, Jindrich (CZE)"]
[Black "Prokopp, Heinz (GER)"]
[Result "1/2-1/2"]
[WhiteElo "2435"]
[BlackElo "2428"]
[PlyCount "143"]
[EventDate "2006.??.??"]
[EventType "corr"]
[SourceDate "2006.05.16"]

1. e4 e6 2. d4 d5 3. Nd2 Nf6 4. e5 Nfd7 5. Bd3 c5 6. c3 Nc6 7. Ne2 cxd4 8. cxd4
f6 9. exf6 Nxf6 10. O-O Bd6 11. Nf3 Qc7 12. Bg5 O-O 13. Bh4 Bd7 14. Bg3 Be8 15.
Rc1 Bh5 16. Ne5 Qb6 17. Nxc6 Bxg3 18. Ne7+ Kf7 19. hxg3 Kxe7 20. Rc3 Kf7 21.
Rb3 Qc7 22. Qe1 Bxe2 23. Qxe2 Rae8 24. g4 g6 25. g5 Nh5 26. Rc3 Qd6 27. g3 e5
28. dxe5 Qxe5 29. Qxe5 Rxe5 30. f4 Re7 31. f5 Kg8 32. fxg6 Rxf1+ 33. Kxf1 Nxg3+
34. Kg2 Ne4 35. gxh7+ Kxh7 36. Rc5 Kg6 37. Rxd5 Kh5 38. g6+ Kh6 39. Rf5 Kg7 40.
Kf3 Nf6 41. Rg5 Nd7 42. Bf5 Nf8 43. Be4 b6 44. a4 Re6 45. Rg1 Re5 46. Rc1 Ne6
47. Bb1 Ra5 48. Ke3 Rxa4 49. Rc6 Nc5 50. b4 Rxb4 51. Rc7+ Kf8 52. Ba2 Nb3 53.
Rf7+ Kg8 54. Rxa7 Kf8 55. Rf7+ Kg8 56. Rd7 Kf8 57. Rf7+ Kg8 58. Rc7 Kf8 59. Kd3
Rg4 60. Rf7+ Ke8 61. Bxb3 Rxg6 62. Rf4 Kd7 63. Kc4 Kd6 64. Kb5 Rg5+ 65. Kb4 Ke5
66. Rf8 Kd4 67. Rd8+ Ke4 68. Re8+ Kd4 69. Rh8 Ke5 70. Rh4 Rf5 71. Rh8 Rg5 72.
Bc4 1/2-1/2

[Event "2FoglarVeterans_GM_B"]
[Site "?"]
[Date "2006.??.??"]
[Round "?"]
[White "Lounek, Jan (CZE)"]
[Black "Kostal, Jindrich (CZE)"]
[Result "1-0"]
[WhiteElo "2517"]
[BlackElo "2435"]
[PlyCount "119"]
[EventDate "2006.??.??"]
[EventType "corr"]
[SourceDate "2006.05.16"]

1. e4 e5 2. Nf3 Nc6 3. Bb5 a6 4. Ba4 Nf6 5. O-O Be7 6. Re1 b5 7. Bb3 d6 8. c3
O-O 9. h3 Nb8 10. d4 Nbd7 11. Nbd2 Bb7 12. Bc2 Re8 13. Nf1 Bf8 14. Ng3 g6 15.
a4 c5 16. d5 c4 17. Bg5 h6 18. Be3 Nc5 19. Qd2 h5 20. Bg5 Be7 21. Ra3 Rb8 22.
Rea1 h4 23. Bxh4 Nfxe4 24. Nxe4 Nxe4 25. Bxe4 Bxh4 26. axb5 axb5 27. Ra5 Bc8
28. Qh6 Bf6 29. Bxg6 fxg6 30. Qxg6+ Kf8 31. Ra7 Bb7 32. R1a5 e4 33. Rxb5 exf3
34. Rbxb7 Rxb7 35. Rxb7 Re1+ 36. Kh2 Be7 37. Qh7 fxg2 38. Kxg2 Qe8 39. Rb8 Bd8
40. h4 Re5 41. Qh8+ Kf7 42. Rxd8 Qxh8 43. Rxh8 Rxd5 44. Rc8 Rd2 45. Rxc4 Rxb2
46. Rd4 Rc2 47. c4 Rc3 48. f3 Rc1 49. h5 Kg7 50. Kg3 Rh1 51. Kg4 Rc1 52. f4 Kf7
53. h6 Ke7 54. f5 Kf7 55. Rxd6 Rxc4+ 56. Kg5 Rc1 57. Rd4 Rg1+ 58. Rg4 Rh1 59.
f6 Rh2 60. Rg1 1-0

[Event "2FoglarVeterans_GM_B"]
[Site "?"]
[Date "2006.??.??"]
[Round "?"]
[White "Lounek, Jan (CZE)"]
[Black "Grabner, Helmut (AUT)"]
[Result "1-0"]
[WhiteElo "2517"]
[BlackElo "2416"]
[PlyCount "113"]
[EventDate "2006.??.??"]
[EventType "corr"]
[SourceDate "2006.05.16"]

1. e4 e5 2. Nf3 Nc6 3. Bb5 a6 4. Ba4 Nf6 5. O-O Be7 6. Re1 b5 7. Bb3 O-O 8. h3
Bb7 9. d3 d6 10. a3 Nb8 11. Nbd2 Nbd7 12. Nf1 Nc5 13. Ba2 Ne6 14. Ng3 Qd7 15.
Nf5 Bd8 16. Be3 c5 17. Qd2 Qc7 18. c4 bxc4 19. Bxc4 d5 20. exd5 Nxd5 21. Rac1
Rb8 22. b4 Nxe3 23. Qxe3 Nd4 24. N3xd4 exd4 25. Ne7+ Kh8 26. Qg5 cxb4 27. axb4
a5 28. Qc5 Qxc5 29. bxc5 g6 30. Rb1 Bc7 31. c6 Ba8 32. Rxb8 Rxb8 33. Bxf7 Kg7
34. Be6 Bd6 35. Nc8 Bc7 36. Na7 Kf8 37. Bc4 Bb6 38. Ba6 a4 39. Ra1 Re8 40. f4
Bxa7 41. c7 Bc6 42. c8=Q Rxc8 43. Bxc8 Bb5 44. Ba6 Bd7 45. Rb1 a3 46. Bb5 Bc8
47. Re1 a2 48. Ra1 Ke7 49. Rxa2 Bb6 50. Re2+ Kf7 51. Rc2 Be6 52. Bc4 Bd8 53.
Bxe6+ Kxe6 54. Kf2 Be7 55. Re2+ Kf7 56. Rxe7+ Kxe7 57. Kf3 1-0

[Event "2FoglarVeterans_GM_B"]
[Site "?"]
[Date "2006.??.??"]
[Round "?"]
[White "Salov, Sergey A. (RUS)"]
[Black "Dedina, Miroslav (CZE)"]
[Result "1/2-1/2"]
[WhiteElo "2383"]
[BlackElo "2414"]
[PlyCount "55"]
[EventDate "2006.??.??"]
[EventType "corr"]
[SourceDate "2006.05.16"]

1. e4 e5 2. Nf3 Nc6 3. Bb5 a6 4. Ba4 Nf6 5. O-O Be7 6. Re1 b5 7. Bb3 d6 8. c3
O-O 9. h3 Bb7 10. d4 Re8 11. Nbd2 Bf8 12. d5 Nb8 13. Nf1 h6 14. Ng3 c6 15. dxc6
Bxc6 16. Nh2 Nbd7 17. Ng4 Nxg4 18. Qxg4 Nf6 19. Qf3 d5 20. Nh5 dxe4 21. Qf5 Nd5
22. Rd1 Qd6 23. Qg4 Re6 24. Ng3 Rg6 25. Qxe4 Nb6 26. Qe2 Qc7 27. h4 Re8 28. h5
1/2-1/2

[Event "2FoglarVeterans_GM_B"]
[Site "?"]
[Date "2006.??.??"]
[Round "?"]
[White "Salov, Sergey A. (RUS)"]
[Black "Grabner, Helmut (AUT)"]
[Result "1/2-1/2"]
[WhiteElo "2383"]
[BlackElo "2416"]
[PlyCount "89"]
[EventDate "2006.??.??"]
[EventType "corr"]
[SourceDate "2006.05.16"]

1. e4 e5 2. Nf3 Nc6 3. Bb5 a6 4. Ba4 Nf6 5. O-O Be7 6. Re1 b5 7. Bb3 O-O 8. c3
d5 9. exd5 Nxd5 10. Nxe5 Nxe5 11. Rxe5 c6 12. d4 Bd6 13. Re1 Qh4 14. g3 Qh3 15.
Be3 Bg4 16. Qd3 Rae8 17. Nd2 Re6 18. a4 Qh5 19. axb5 axb5 20. Nf1 Bf5 21. Qe2
Bg4 22. Qd2 Qh3 23. Bd1 Bxd1 24. Qxd1 f5 25. Bd2 Rg6 26. f4 Bxf4 27. Bxf4 Nxf4
28. Qb3+ Kh8 29. Qc2 Qh6 30. Re5 Nh3+ 31. Kg2 f4 32. Rf5 Rg8 33. Re1 fxg3 34.
hxg3 Ng5 35. Ree5 Qh3+ 36. Kg1 Rh6 37. Qh2 g6 38. Rxg5 Qxf1+ 39. Kxf1 Rxh2 40.
Re2 Rf8+ 41. Ke1 Rh1+ 42. Kd2 Rg1 43. Kc2 Kg7 44. Kb3 h5 45. Re3 1/2-1/2

[Event "2FoglarVeterans_GM_B"]
[Site "?"]
[Date "2006.??.??"]
[Round "?"]
[White "Roos, Jacqueline (FRA)"]
[Black "Prokopp, Heinz (GER)"]
[Result "0-1"]
[WhiteElo "2406"]
[BlackElo "2428"]
[PlyCount "120"]
[EventDate "2006.??.??"]
[EventType "corr"]
[SourceDate "2006.05.16"]

1. e4 e6 2. d4 d5 3. Nd2 Nf6 4. e5 Nfd7 5. c3 c5 6. Bd3 Nc6 7. Ne2 cxd4 8. cxd4
f6 9. exf6 Nxf6 10. O-O Bd6 11. Nf3 Qc7 12. Bg5 O-O 13. Rc1 Bd7 14. Ng3 Qb6 15.
Bxf6 gxf6 16. Qd2 Rf7 17. Nh5 Kh8 18. Bb1 Rg8 19. Kh1 Qd8 20. Rfd1 a5 21. a3 a4
22. Re1 Na5 23. Ba2 b5 24. Nf4 Re8 25. Re2 Nc4 26. Bxc4 bxc4 27. Rce1 Qc8 28.
Nh5 Ree7 29. h3 Qg8 30. Nh4 Re8 31. Qh6 Qg5 32. Qxg5 fxg5 33. Nf3 h6 34. Rd2
Rb8 35. Ne5 Bxe5 36. Rxe5 Rb6 37. Ng3 Rf8 38. Ree2 Kg7 39. f3 Rb3 40. Rc2 Rd3
41. Red2 Be8 42. Ne2 Bg6 43. Kh2 Rb8 44. Nc3 Rxd4 45. Rxd4 Bxc2 46. Rd2 Rxb2
47. Kg3 Kf6 48. h4 Ke5 49. hxg5 hxg5 50. Ne2 d4 51. Nxd4 c3 52. Nc6+ Kf6 53.
Rd8 Bg6 54. Rc8 c2 55. Nd4 Ke5 56. Nc6+ Kd6 57. Nd4 e5 58. Ne2 Bf5 59. Rd8+ Bd7
60. Rh8 Rb1 0-1

[Event "2FoglarVeterans_GM_B"]
[Site "?"]
[Date "2006.??.??"]
[Round "?"]
[White "Isigkeit, Hans-Jurgen (GER)"]
[Black "Kurylo, Ryszard (LTU)"]
[Result "1-0"]
[WhiteElo "2441"]
[BlackElo "2424"]
[PlyCount "65"]
[EventDate "2006.??.??"]
[EventType "corr"]
[SourceDate "2006.05.16"]

1. d4 Nf6 2. c4 e6 3. Nc3 Bb4 4. Qc2 d5 5. Nf3 dxc4 6. e4 c5 7. dxc5 Qa5 8. Bd2
Nc6 9. Bxc4 Qxc5 10. Bd3 Qh5 11. h3 O-O 12. a3 Be7 13. O-O-O Nd7 14. Kb1 Kh8
15. Be2 Qc5 16. Be3 Qa5 17. h4 Nf6 18. Nd2 Qc7 19. g4 a6 20. f4 Nd7 21. e5 b5
22. Nce4 f5 23. Ng5 Nb6 24. gxf5 exf5 25. Bf3 Bd7 26. Rc1 Rac8 27. Qd3 Nc4 28.
Nxc4 bxc4 29. Qxc4 Qb7 30. Nf7+ Rxf7 31. Qxf7 Rb8 32. Rh2 Qb5 33. Rd2 1-0

[Event "2FoglarVeterans_GM_B"]
[Site "?"]
[Date "2006.??.??"]
[Round "?"]
[White "Krol, Wladyslaw (POL)"]
[Black "Ludwig, Christoph (GER)"]
[Result "1/2-1/2"]
[WhiteElo "2410"]
[BlackElo "2527"]
[PlyCount "51"]
[EventDate "2006.??.??"]
[EventType "corr"]
[SourceDate "2006.05.16"]

1. e4 e5 2. Nf3 Nc6 3. Bb5 a6 4. Ba4 Nf6 5. c3 Nxe4 6. Qe2 Nc5 7. Bxc6 dxc6 8.
d4 Ne6 9. Nxe5 Bd6 10. O-O O-O 11. Re1 Re8 12. Be3 c5 13. Qh5 g6 14. Qf3 f6 15.
Nc4 cxd4 16. Nxd6 Qxd6 17. Bh6 Kf7 18. Nd2 dxc3 19. Nc4 Qe7 20. Qxc3 Bd7 21.
Qf3 Bb5 22. Ne5+ Kg8 23. Ng4 f5 24. Rxe6 Qxe6 25. Qc3 Re7 26. Nf6+ 1/2-1/2

[Event "2FoglarVeterans_GM_B"]
[Site "?"]
[Date "2006.??.??"]
[Round "?"]
[White "Roos, Jacqueline (FRA)"]
[Black "Dedina, Miroslav (CZE)"]
[Result "1/2-1/2"]
[WhiteElo "2406"]
[BlackElo "2414"]
[PlyCount "80"]
[EventDate "2006.??.??"]
[EventType "corr"]
[SourceDate "2006.05.16"]

1. e4 e5 2. Nf3 Nc6 3. Bb5 a6 4. Ba4 Nf6 5. O-O Be7 6. Re1 b5 7. Bb3 d6 8. c3
O-O 9. h3 Bb7 10. d4 Re8 11. Nbd2 Bf8 12. a3 Qd7 13. Bc2 Nd8 14. b4 g6 15. Bb2
exd4 16. cxd4 Bg7 17. Qc1 Rc8 18. a4 Nc6 19. Bc3 Na7 20. Qb2 Nh5 21. Nb3 bxa4
22. Na5 Ba8 23. d5 f5 24. exf5 Nb5 25. Bxg7 Qxg7 26. Qxg7+ Kxg7 27. Nc6 a3 28.
Rxe8 Rxe8 29. fxg6 hxg6 30. Bd3 Nf4 31. Bxb5 axb5 32. Rxa3 Nxd5 33. Ncd4 Rb8
34. Ra5 Nxb4 35. Ne6+ Kf6 36. Nxc7 Bxf3 37. gxf3 d5 38. Nxb5 Ke5 39. Kg2 Nd3
40. Kg3 Nf4 1/2-1/2

[Event "2FoglarVeterans_GM_B"]
[Site "?"]
[Date "2006.??.??"]
[Round "?"]
[White "Green, Wesley C. (USA)"]
[Black "Berggreen, Anders (DEN)"]
[Result "1/2-1/2"]
[WhiteElo "2438"]
[BlackElo "2414"]
[PlyCount "67"]
[EventDate "2006.??.??"]
[EventType "corr"]
[SourceDate "2006.05.16"]

1. e4 c5 2. Nf3 Nc6 3. d4 cxd4 4. Nxd4 g6 5. c4 Bg7 6. Be3 Nf6 7. Nc3 O-O 8.
Be2 d6 9. O-O Bd7 10. Qd2 Nxd4 11. Bxd4 Bc6 12. f3 a5 13. b3 Nd7 14. Be3 Nc5
15. Rab1 e6 16. Rfd1 Be5 17. Bd4 Qe7 18. Bf1 Rad8 19. Qe3 f5 20. Bxe5 dxe5 21.
exf5 exf5 22. Nd5 Bxd5 23. Rxd5 Rxd5 24. cxd5 Qd6 25. Qc3 b6 26. Re1 Re8 27. a3
Re7 28. Bb5 e4 29. b4 axb4 30. axb4 Nd3 31. Bxd3 exd3 32. Rd1 Qxd5 33. Rxd3 Qe5
34. Qxe5 1/2-1/2

[Event "2FoglarVeterans_GM_B"]
[Site "?"]
[Date "2006.??.??"]
[Round "?"]
[White "Krol, Wladyslaw (POL)"]
[Black "Lounek, Jan (CZE)"]
[Result "0-1"]
[WhiteElo "2410"]
[BlackElo "2517"]
[PlyCount "76"]
[EventDate "2006.??.??"]
[EventType "corr"]
[SourceDate "2006.05.16"]

1. e4 c5 2. f4 d5 3. Nf3 e6 4. Nc3 dxe4 5. Ng5 Nf6 6. Ngxe4 Nxe4 7. Nxe4 Be7 8.
Bc4 O-O 9. d3 Nc6 10. a3 Nd4 11. a4 Bh4+ 12. g3 Be7 13. O-O b6 14. c3 Nc6 15.
Qf3 Bb7 16. f5 Ne5 17. Nf6+ Bxf6 18. Qxb7 Nxc4 19. dxc4 exf5 20. Bf4 Re8 21.
Rae1 Qc8 22. Rxe8+ Qxe8 23. Kf2 Rd8 24. Qxa7 g5 25. Bc1 Qc6 26. a5 bxa5 27.
Qxa5 Rd3 28. Kg1 Kg7 29. Qb5 Qc8 30. Qa4 Qe6 31. Qc2 Qxc4 32. Qf2 Rd5 33. Qf3
Re5 34. h4 h6 35. Bd2 Qe2 36. Qxe2 Rxe2 37. Rd1 gxh4 38. gxh4 Bxh4 0-1

[Event "2FoglarVeterans_GM_B"]
[Site "?"]
[Date "2006.??.??"]
[Round "?"]
[White "Kostal, Jindrich (CZE)"]
[Black "Krol, Wladyslaw (POL)"]
[Result "1/2-1/2"]
[WhiteElo "2435"]
[BlackElo "2410"]
[PlyCount "82"]
[EventDate "2006.??.??"]
[EventType "corr"]
[SourceDate "2006.05.16"]

1. e4 e5 2. Nf3 Nc6 3. Bb5 a6 4. Ba4 Nf6 5. O-O Bc5 6. c3 Ng4 7. d4 Ba7 8. h3
h5 9. Na3 Qf6 10. d5 Ne7 11. d6 cxd6 12. Bc2 b5 13. Bg5 Qe6 14. Bb3 d5 15. exd5
Qd6 16. Bxe7 Kxe7 17. Qd2 e4 18. Rae1 f5 19. hxg4 hxg4 20. Qg5+ Qf6 21. d6+
Kxd6 22. Qxf6+ gxf6 23. Nd4 Bxd4 24. Rd1 Bb7 25. Rxd4+ Kc7 26. Re1 Rh7 27. Bd5
Rah8 28. Kf1 Bxd5 29. Rxd5 Rh1+ 30. Ke2 f4 31. Rxh1 Rxh1 32. Rd1 Rh2 33. Rg1 f5
34. g3 fxg3 35. Rxg3 Rh4 36. Nc2 f4 37. Rg1 Kd6 38. Nd4 Ke5 39. Kf1 b4 40. Ke1
a5 41. a4 bxa3 1/2-1/2

[Event "2FoglarVeterans_GM_B"]
[Site "?"]
[Date "2006.??.??"]
[Round "?"]
[White "Salov, Sergey A. (RUS)"]
[Black "Kurylo, Ryszard (LTU)"]
[Result "0-1"]
[WhiteElo "2383"]
[BlackElo "2424"]
[PlyCount "52"]
[EventDate "2006.??.??"]
[EventType "corr"]
[SourceDate "2006.05.16"]

1. e4 e5 2. Nf3 Nc6 3. Bb5 a6 4. Ba4 Nf6 5. O-O Be7 6. Re1 b5 7. Bb3 O-O 8. c3
d6 9. h3 Bb7 10. d4 Re8 11. Nbd2 Bf8 12. Bc2 g6 13. d5 Nb8 14. b3 c6 15. c4
Nbd7 16. Nf1 Qc7 17. N3h2 Bg7 18. Bg5 Rab8 19. Ng4 Nxg4 20. hxg4 bxc4 21. bxc4
Rec8 22. Rc1 h6 23. Be3 Ba8 24. Qf3 Rb4 25. Nd2 Rcb8 26. Qh3 g5 0-1

[Event "2FoglarVeterans_GM_B"]
[Site "?"]
[Date "2006.??.??"]
[Round "?"]
[White "Isigkeit, Hans-Jurgen (GER)"]
[Black "Roos, Jacqueline (FRA)"]
[Result "1/2-1/2"]
[WhiteElo "2441"]
[BlackElo "2406"]
[PlyCount "91"]
[EventDate "2006.??.??"]
[EventType "corr"]
[SourceDate "2006.05.16"]

1. d4 Nf6 2. c4 e6 3. Nc3 d5 4. Nf3 Be7 5. e3 O-O 6. b3 c5 7. Bd3 cxd4 8. exd4
Nc6 9. O-O b6 10. Bb2 Nb4 11. Be2 Bb7 12. a3 Nc6 13. b4 dxc4 14. Bxc4 Rc8 15.
Ba2 Rc7 16. Qe2 Bd6 17. Rad1 Ne7 18. Nb5 Ba6 19. Bc4 Bxb5 20. Bxb5 Nfd5 21. Rc1
a5 22. bxa5 bxa5 23. g3 Nf5 24. Ne5 Qe7 25. Rxc7 Qxc7 26. Rc1 Qb7 27. a4 Rc8
28. Nc6 Qb6 29. Qd2 Bf8 30. Ne5 Rxc1+ 31. Qxc1 Nd6 32. Nd7 Qd8 33. Nxf8 Qxf8
34. Ba3 Qd8 35. Qc6 Ne4 36. Bd3 Nef6 37. Qc5 h6 38. h4 Qa8 39. Qc4 Nb6 40. Qc2
Qd8 41. Bc1 Qd7 42. Bd2 Qxa4 43. Qxa4 Nxa4 44. Bxa5 Nd5 45. Kf1 f5 46. Ke1
1/2-1/2

[Event "2FoglarVeterans_GM_B"]
[Site "?"]
[Date "2006.??.??"]
[Round "?"]
[White "Roos, Jacqueline (FRA)"]
[Black "Kostal, Jindrich (CZE)"]
[Result "1/2-1/2"]
[WhiteElo "2406"]
[BlackElo "2435"]
[PlyCount "99"]
[EventDate "2006.??.??"]
[EventType "corr"]
[SourceDate "2006.05.16"]

1. e4 e5 2. Nf3 Nc6 3. Bb5 a6 4. Ba4 Nf6 5. O-O Be7 6. Re1 b5 7. Bb3 d6 8. c3
O-O 9. h3 Nb8 10. d4 Nbd7 11. Nbd2 Bb7 12. Bc2 Re8 13. Nf1 Bf8 14. Ng3 g6 15.
b3 d5 16. Nxe5 Nxe4 17. Nxe4 dxe4 18. Bf4 Nxe5 19. dxe5 f5 20. b4 Qe7 21. Bb3+
Kh8 22. e6 Bg7 23. Qd7 Bc8 24. Qxe7 Rxe7 25. Bd5 Rb8 26. Bg5 Re8 27. e7 h6 28.
Bc6 Be6 29. Bxe8 Rxe8 30. Bd2 Rxe7 31. Rec1 Rd7 32. Be3 Bc4 33. a4 g5 34. axb5
axb5 35. Ra7 Kg8 36. Bd4 Bxd4 37. cxd4 Kf7 38. Rca1 Ke6 39. R1a6+ Kd5 40. Rxh6
Kxd4 41. Rh5 Rg7 42. h4 gxh4 43. Rxf5 Kc3 44. Re5 Bd3 45. Rc5+ Kxb4 46. Rcxc7
Rxc7 47. Rxc7 Ka5 48. Ra7+ Kb6 49. Ra8 Kc5 50. Rc8+ 1/2-1/2

[Event "2FoglarVeterans_GM_B"]
[Site "?"]
[Date "2006.??.??"]
[Round "?"]
[White "Kostal, Jindrich (CZE)"]
[Black "Berggreen, Anders (DEN)"]
[Result "1-0"]
[WhiteElo "2435"]
[BlackElo "2414"]
[PlyCount "81"]
[EventDate "2006.??.??"]
[EventType "corr"]
[SourceDate "2006.05.16"]

1. e4 d6 2. d4 Nf6 3. Nc3 g6 4. f4 Bg7 5. Nf3 O-O 6. e5 Nfd7 7. h4 c5 8. h5
cxd4 9. Qxd4 dxe5 10. Qf2 e4 11. Nxe4 Nf6 12. Nxf6+ exf6 13. hxg6 Re8+ 14. Be2
fxg6 15. Bd2 Qe7 16. Kf1 Nc6 17. Re1 Qf7 18. b3 Be6 19. Qh4 h5 20. Bd3 Rad8 21.
f5 Bxf5 22. Bxf5 gxf5 23. Qxh5 Rxe1+ 24. Bxe1 Qe6 25. Rh3 Nd4 26. Nxd4 Rxd4 27.
Bf2 Rg4 28. Qh7+ Kf7 29. Rf3 Rg6 30. Qh5 Bh6 31. Rg3 Bg5 32. Bxa7 Kg7 33. Qe2
Qe4 34. Rd3 Kh6 35. Bf2 Rg8 36. Rh3+ Kg7 37. Qh5 f4 38. Bd4 Kf8 39. Rd3 Qf5 40.
Bb2 Kg7 41. Rc3 1-0

[Event "2FoglarVeterans_GM_B"]
[Site "?"]
[Date "2006.??.??"]
[Round "?"]
[White "Roos, Jacqueline (FRA)"]
[Black "Krol, Wladyslaw (POL)"]
[Result "0-1"]
[WhiteElo "2406"]
[BlackElo "2410"]
[PlyCount "88"]
[EventDate "2006.??.??"]
[EventType "corr"]
[SourceDate "2006.05.16"]

1. e4 e5 2. Nf3 Nc6 3. Bb5 a6 4. Ba4 Nf6 5. O-O Bc5 6. c3 Ng4 7. d4 Ba7 8. h3
h5 9. Bg5 f6 10. Bc1 Nh6 11. Nh4 Nf7 12. Ng6 Rh7 13. Be3 Ne7 14. Nxe7 Qxe7 15.
Nd2 g5 16. Qe2 Nd8 17. dxe5 fxe5 18. Bxa7 Rxa7 19. Qe3 b6 20. Rfe1 Qf6 21. Nf1
Kf8 22. Bb3 d6 23. Rad1 g4 24. Rd3 Ne6 25. Bxe6 Bxe6 26. hxg4 hxg4 27. Qg3 Qh8
28. f3 gxf3 29. Rxf3+ Ke7 30. Ne3 Kd7 31. Nd5 Kc6 32. c4 Ra8 33. Qg5 Rg7 34.
Qf6 Bg4 35. Rff1 Qh7 36. Re3 Bd7 37. Rb3 Rh8 38. Ne3 Bh3 39. Rf2 Be6 40. Kf1
Qg8 41. Kg1 Kb7 42. Rc3 Rgh7 43. Rf3 Rh1+ 44. Kf2 R1h6 0-1

[Event "2FoglarVeterans_GM_B"]
[Site "?"]
[Date "2006.??.??"]
[Round "?"]
[White "Kurylo, Ryszard (LTU)"]
[Black "Berggreen, Anders (DEN)"]
[Result "1-0"]
[WhiteElo "2424"]
[BlackElo "2414"]
[PlyCount "119"]
[EventDate "2006.??.??"]
[EventType "corr"]
[SourceDate "2006.05.16"]

1. e4 c5 2. Nf3 d6 3. d4 cxd4 4. Nxd4 Nf6 5. Nc3 e6 6. g4 h6 7. h4 Nc6 8. Rg1
d5 9. Bb5 Bd7 10. exd5 Nxd5 11. Nxd5 exd5 12. Qe2+ Be7 13. Nf5 Bxf5 14. gxf5
Kf8 15. Bd2 Qb6 16. O-O-O Bxh4 17. Rxg7 Kxg7 18. Qg4+ Bg5 19. Bxg5 hxg5 20.
Qxg5+ Kf8 21. f6 Rg8 22. Qh6+ Ke8 23. Qh7 Rg4 24. Qh8+ Kd7 25. Bxc6+ Qxc6 26.
Qxa8 a6 27. Qb8 Re4 28. c3 Re8 29. Qf4 Kc8 30. Qf5+ Kb8 31. Qxd5 Re6 32. Qd8+
Ka7 33. Qd4+ Qb6 34. a4 Rxf6 35. f4 Qxd4 36. Rxd4 Kb6 37. b4 Kc6 38. a5 Rh6 39.
Rc4+ Kd6 40. Kd2 Rh3 41. Rd4+ Kc6 42. Rd3 Rh8 43. Rg3 Rd8+ 44. Ke3 Kd5 45. Rg5+
Ke6 46. Rc5 Rd7 47. c4 Kf6 48. Ke4 Re7+ 49. Kd4 Rd7+ 50. Rd5 Rc7 51. b5 axb5
52. Rxb5 Ke6 53. Rc5 Rd7+ 54. Rd5 Rc7 55. c5 Rc6 56. f5+ Ke7 57. Kc4 Rh6 58.
Kb5 Rh1 59. Kb6 Rb1+ 60. Ka7 1-0

[Event "2FoglarVeterans_GM_B"]
[Site "?"]
[Date "2006.??.??"]
[Round "?"]
[White "Krol, Wladyslaw (POL)"]
[Black "Grabner, Helmut (AUT)"]
[Result "0-1"]
[WhiteElo "2410"]
[BlackElo "2416"]
[PlyCount "86"]
[EventDate "2006.??.??"]
[EventType "corr"]
[SourceDate "2006.05.16"]

1. e4 c5 2. f4 e6 3. Nf3 d5 4. Nc3 dxe4 5. Ng5 Nf6 6. Bc4 Nc6 7. Ngxe4 Be7 8.
d3 O-O 9. a3 a6 10. O-O b5 11. Ba2 Nd4 12. Nxf6+ Bxf6 13. Ne4 Be7 14. Be3 Bb7
15. Ng3 Qd6 16. c3 Nf5 17. Qe2 Qc6 18. Rf3 Rfe8 19. Rd1 Rad8 20. Bb1 a5 21. Ne4
b4 22. axb4 cxb4 23. d4 bxc3 24. bxc3 a4 25. Bd3 a3 26. Ra1 Ra8 27. Rf2 Ra5 28.
Ra2 Ba6 29. g4 Bxd3 30. Qxd3 Nxe3 31. Qxe3 Rb8 32. Qf3 Rb1+ 33. Kg2 Qc4 34. f5
Rf1 35. Rxf1 Qxa2+ 36. Kg1 Bf8 37. Qd3 e5 38. dxe5 Rd5 39. Qg3 Qe2 40. Qe1
Qxg4+ 41. Ng3 a2 42. e6 Be7 43. Kg2 Rd3 0-1